Fulham FC 2018-2019 Squad - Statistics

General Stats
  • This quiz has been taken 162 times
  • The average score is 19 of 29
Answer Stats
Position Kit Number Nationality Answer % Correct
FOR #9 Serbia Aleksandar Mitrovic
92%
MID #24 Ivory Coast Jean Michael Seri
84%
GK #25 Spain Sergio Rico
81%
DEF #13 United States Tim Ream
81%
MID #10 Scotland Tom Cairney
81%
MID #14 Germany Andre Schurrle
80%
Manager N/A Serbia Slavisa Jokanovic
77%
DEF #4 Belgium Denis Odoi
76%
FOR #47 France Aboubakar Kamara
73%
GK #1 England Marcus Bettinelli
73%
MID #29 Cameroon Andre-Frank Zambo Anguissa
72%
GK #31 Spain Fabri
71%
MID #6 Scotland Kevin McDonald
69%
MID #7 D.R Congo Neeskens Kebano
69%
MID #8 Norway Stefan Johansen
69%
MID #3 England Ryan Sessegnon
67%
DEF #43 England Steven Sessegnon
66%
DEF #20 France Maxime Le Marchand
65%
DEF #5 England Calum Chambers
62%
DEF #22 Ireland Cyrus Christie
62%
DEF #23 England Joe Bryan
60%
FOR #19 Argentina Luciano Vietto
59%
DEF #26 England Alfie Mawson
57%
FOR #11 Togo Floyd Ayite
55%
FOR #17 Portugal Rui Fonte
50%
DEF #21 Netherlands Timothy Fosu-Mensah
50%
MID #44 Belgium Ibrahima Cisse
45%
MID #36 United States Luca De La Torre
43%
GK #50 England Luca Ashby-Hammond
28%
No matching quizzes found
Score Distribution
Percent of People with Each Score
Percentile by Number Answered
Your Score History
You have not taken this quiz